| 000 | 00956cam a22002535a 4500 | ||
|---|---|---|---|
| 999 |
_c331656 _d331656 |
||
| 001 | 14309377 | ||
| 003 | NUST | ||
| 005 | 20171012121803.0 | ||
| 008 | 060322s2005 pk b 001 0 eng | ||
| 010 | _a 2006334336 | ||
| 040 |
_aDLC _cDLC |
||
| 043 | _aa-pk--- | ||
| 050 | 0 | 0 |
_aDS392.S56 _bS63 2005 |
| 082 |
_a954.9 _bSOC |
||
| 245 | 0 | 2 |
_aA Social and cultural history of Sind : _bbased on the accounts of the European travellers who visited Sind / _c[edited by] Mubarak Ali. |
| 260 |
_aLahore : _bFiction House, _c2005. |
||
| 300 |
_aix, 352 p. ; _c22 cm. |
||
| 500 | _aOriginally published | ||
| 504 | _aIncludes bibliographical references (p. vii-viii) and index. | ||
| 651 | 0 |
_aSindh (Pakistan) _xCivilization. _95395 |
|
| 651 | 0 |
_aSindh (Pakistan) _xDescription and travel. _95396 |
|
| 700 | 1 |
_aKhan, Mubarak Ali. _94808 |
|
| 906 |
_a7 _bcbc _corigode _d3 _encip _f20 _gy-gencatlg |
||
| 942 |
_2ddc _cBK |
||